Z kim grali swoje pierwsze mecze reprezentacyjne - Statystyki

Ogólne statystyki
  • Ten quiz został rozwiązany 12 razy
  • Średni wynik to 10 z 25
Statystyki odpowiedzi
Kraj Data i wynik Odpowiedź % Poprawnych
Paragwaj³ 11.05.1919 (1:5) Argentyna
82%
Urugwaj³ 20.07.1902 (0:6) Argentyna
82%
Portugalia 18.12.1921 (1:3) Hiszpania
82%
Stany Zjednoczone¹ 20.08.1916 (3:2) Szwecja
73%
Norwegia¹ 12.07.1908 (3:11) Szwecja
73%
Boliwia 12.10.1926 (1:7) Chile
64%
Czad 25.12.1961 (2:2) Niger
64%
Sierra Leone 10.08.1949 (0:2) Nigeria
55%
Węgry² 12.10.1902 (0:5) Austria
45%
Malta² 24.02.1957 (2:3) Austria
45%
Indie 31.07.1948 (1:2) Francja
45%
Pakistan 27.10.1950 (1:5) Iran
45%
Gibraltar 19.11.2013 (0:0) Słowacja
36%
Jemen 2.04.1966 (1:4) Syria
36%
Malezja 12.10.1963 (1:1) Tajlandia
36%
Iran 25.08.1941 (0:0) Afganistan
27%
Słowenia 3.06.1992 (1:1) Estonia
27%
Peru 1.11.1927 (0:4) Urugwaj
27%
Bermudy 10.08.1964 (3:4) Islandia
18%
Mauretania 25.12.1961 (1:5) Madagaskar
18%
Gabon 13.04.1960 (4:5) Burkina Faso
9%
Aruba 6.04.1924 (0:4) Curacao
9%
Eswatini 1.05.1968 (2:0) Malawi
9%
Mariany Północne 25.03.2007 (2:3) Guam
0%
Bahamy 1.03.1970 (0:3) Portoryko
0%
Nie znaleziono quizów pasujących do podanych kryteriów
Rozkład punktacji
Procent ludzi z każdym wynikiem
Percentyl według liczby udzielonych odpowiedzi
Twoja historia wyników
Nie rozwiązałeś tego quizu